000 00640nam a2200229Ia 4500
005 20241129110015.0
008 241129s9999||||xx |||||||||||||| ||und||
020 _a978-1-3501-9041-2
037 _aTB
040 _aARTS
_beng
_cARTS
041 _aeng
_2eng
084 _aS:3 R2
_qARTS
100 _aSysmes Jack Ed.
_9726831
245 0 _aPhilosophers on consciousness : talking about the mind
_cSysmes Jack Ed.
260 _aUK
_bBloomsbury Academic
_c2023
300 _axiv,168p.
365 _aUKP
_b10.99
490 _aTalking about philosophy
650 _aPsychology
942 _cTB
_hS:3 R2
999 _c1226965
_d1226965